Statistics for mcdonalds drinks menu

Click here to take the quiz!

General Stats

  • This quiz has been taken 302 times
  • The average score is 14 of 31

Answer Stats

Hintflavour/drink% Correct
milkshakechocolate
91%
iced lemonadestrawberry
90%
milkshakestrawberry
90%
milkshakevanilla
84%
fizzycoke
82%
fizzysprite
72%
hotblack coffee
70%
hotwhite coffee
69%
fizzyfanta
60%
stillwater
59%
milkshakebanana
53%
hottea
51%
iced frappecaramel
50%
fizzydiet coke
49%
hotlatte
45%
iced frappemocha
45%
hotmocha
45%
hottoffee latte
45%
hothot chocolate
42%
stillorange juice
36%
stillmilk
33%
fizzycoke zero
25%
hotespresso
19%
hotcappuccino
18%
stilloasis
17%
iced fruit smoothieberry burst
16%
stillfruit shoot
16%
iced frappechocolate chip
9%
iced fruit smoothiemango and pineapple
8%
iced frappehoneycomb
5%
iced fruit smoothiestrawberry and banana
5%

Score Distribution

Percentile by Number Answered

Percent of People with Each Score

Your Score History

You have not taken this quiz